Countries the UK Hasn't Invaded - Statistics

General Stats
  • This quiz has been taken 29 times
  • The average score is 8 of 22
Answer Stats
Start Answer % Correct
B Bolivia
55%
T Tajikistan
50%
V Vatican City
50%
C Central African Republic
45%
L Luxembourg
45%
M Mali
45%
U Uzbekistan
45%
C Chad
41%
K Kyrgyzstan
41%
M Monaco
36%
S Sweden
36%
A Andorra
32%
B Burundi
32%
C Congo
32%
M Marshall Islands
32%
M Mongolia
32%
P Paraguay
32%
G Guatemala
27%
I Ivory Coast
18%
S São Tomé and Principe
18%
B Belarus
14%
L Liechenstein
0%
No matching quizzes found
Score Distribution
Percent of People with Each Score
Percentile by Number Answered
Your Score History
You have not taken this quiz